Komparácia typov obchodných spoločností v SR a v Rakúsku a požiadaviek na ich účtovníctvo diplomová práca

Enregistré dans:
Détails bibliographiques
Auteur principal: Ivaničová, Vladimíra
Collectivité auteur: Fakulta hospodárskej informatiky EU. Katedra účtovníctva a audítorstva
Autres auteurs: Šlosárová, Anna
Format: Livre
Langue:slovaque
Publié: Bratislava 2014
Tags: Ajouter un tag
Pas de tags, Soyez le premier à ajouter un tag!

MARC

LEADER 00000nbm a2200000 4500
001 0188546
005 20170201104114.6
041 0 |a slo 
044 |a SK 
245 1 0 |a Komparácia typov obchodných spoločností v SR a v Rakúsku a požiadaviek na ich účtovníctvo  |b diplomová práca  |c Vladimíra Ivaničová ; školiteľ: Anna Šlosárová 
264 1 |a Bratislava  |c 2014 
300 |a 65 s. 
100 1 |a Ivaničová, Vladimíra 
700 1 |a Šlosárová, Anna 
710 2 |a Fakulta hospodárskej informatiky EU. Katedra účtovníctva a audítorstva